Cuerpos sin duelo : iconografías y teatralidades del dolor /

Salvato in:
Dettagli Bibliografici
Autore principale: Diéguez, Ileana (autor)
Natura: Libro
Lingua:spagnolo
Pubblicazione: Córdoba, Argentina : Documenta/Escénicas, 2018, c2013
Edizione:1a edición, 1a reimpresión
Soggetti:
Tags: Aggiungi Tag
Nessun Tag, puoi essere il primo ad aggiungerne!!

MARC

LEADER 00000nam^a2200000^a^4500
001 000585897
005 20250521000000.0
009 20260310132738.927
020 |a 978-987-21817-4-1 
037 |a Acervo Xavier Clavigero 
041 |a ESP 
082 |a 709. 8004  |b DIE 
100 |a Diéguez, Ileana  |e (autor) 
245 1 0 |a Cuerpos sin duelo :  |b iconografías y teatralidades del dolor /  |c I. Diéguez. 
250 |a 1a edición, 1a reimpresión 
264 4 |a Córdoba, Argentina :  |b Documenta/Escénicas,  |c 2018, c2013 
300 |a 284 p. 
336 |a texto  |b txt  |2 rdacontenido 
337 |a sin mediación  |b n  |2 rdamedio 
338 |a volumen  |b nc  |2 rdasoporte 
521 |a Peticiones 2024 
649 |a XX 
650 |a Cuerpo Humano en el Arte -  |z Colombia -  |x Historia y Crítica 
650 |a Cuerpo Humano en el Arte -  |z México -  |x Historia y Crítica 
650 |a Cuerpo Humano en el Arte -  |z Latinoamérica -  |x Historia y Crítica -  |x Tema Principal 
650 |a Violencia Política en el Arte -  |z Colombia -  |x Historia y Crítica 
650 |a Violencia Política en el Arte -  |z México -  |x Historia y Crítica 
650 |a Violencia Política en el Arte -  |z Latinoamérica -  |x Historia y Crítica 
650 |a Violencia en el Arte -  |z Colombia -  |x Historia y Crítica 
650 |a Violencia en el Arte -  |z México -  |x Historia y Crítica 
650 |a Violencia en el Arte -  |z Latinoamérica -  |x Historia y Crítica -  |x Tema Principal 
650 |a Duelo en el Arte -  |z Colombia -  |x Historia y Crítica 
650 |a Duelo en el Arte -  |z México -  |x Historia y Crítica 
650 |a Duelo en el Arte -  |z Latinoamérica -  |x Historia y Crítica -  |x Tema Principal 
650 |a Dolor en el Arte -  |z Colombia -  |x Historia y Crítica 
650 |a Dolor en el Arte -  |z México -  |x Historia y Crítica 
650 |a Dolor en el Arte -  |z Latinoamérica -  |x Historia y Crítica -  |x Tema Principal 
650 |a Arte y Política -  |z Colombia -  |x Historia y Crítica 
650 |a Arte y Política -  |z México -  |x Historia y Crítica 
650 |a Arte y Política -  |z Latinoamérica -  |x Historia y Crítica 
650 |a Arte y Sociedad -  |z Colombia -  |x Historia y Crítica 
650 |a Arte y Sociedad -  |z México -  |x Historia y Crítica 
650 |a Arte y Sociedad -  |z Latinoamérica -  |x Historia y Crítica 
650 |a Artes Escénicas -  |z Colombia -  |x Historia y Crítica 
650 |a Artes Escénicas -  |z México -  |x Historia y Crítica 
650 |a Artes Escénicas -  |z Latinoamérica -  |x Historia y Crítica 
650 |a Arte (Tendencias Recientes) -  |z Colombia -  |x Historia y Crítica 
650 |a Arte (Tendencias Recientes) -  |z México -  |x Historia y Crítica 
650 |a Arte (Tendencias Recientes) -  |z Latinoamérica -  |x Historia y Crítica -  |x Tema Principal 
650 |a Arte Colombiano -  |x Historia y Crítica 
650 |a Arte Colombiano -  |y Siglo XX 
650 |a Arte Colombiano -  |y Siglo XXI 
650 |a Arte Mexicano -  |x Historia y Crítica 
650 |a Arte Mexicano -  |y Siglo XX 
650 |a Arte Mexicano -  |y Siglo XXI 
650 |a Arte Latinoamericano -  |x Historia y Crítica 
650 |a Arte Latinoamericano -  |y Siglo XX 
650 |a Arte Latinoamericano -  |y Siglo XXI 
910 |a Fondo General 
920 |a Impresos - Libros 
930 |a Colección General 
905 |a 101 
901 |a 0500407722  |b IT1  |c ACC  |i C2486  |u 20250521 
902 |a https://opac.biblio.iteso.mx/vufind/Record/000585897